Statistics for Coney Island - Taylor Swift Lyrics

Click here to take the quiz!

General Stats

  • This quiz has been taken 235 times
  • The average score is 226 of 271

Answer Stats

Answers% Correct
I
100%
my
100%
baby
99%
be
99%
bench
99%
Coney
99%
did
99%
Did
99%
go
99%
I'm
99%
is
99%
Island
99%
on
99%
where
99%
who
99%
wondering
99%
A
98%
a
98%
In
98%
in
98%
you
97%
for
96%
no
96%
and
95%
And
95%
me
95%
sitting
95%
so
95%
the
95%
The
95%
not
94%
your
93%
Sorry
91%
to
91%
get
89%
making
89%
we
89%
when
89%
it
88%
It
88%
But
87%
but
87%
Over
87%
over
87%
then
87%
lights
85%
was
85%
with
85%
close
84%
if
84%
If
84%
merry
84%
bright
83%
goes
83%
were
83%
Were
83%
you're
83%
Do
82%
here
82%
Colder
81%
colder
81%
down
81%
eyes
81%
fast
81%
am
80%
Around
80%
before
80%
How
80%
sun
80%
that
80%
can't
79%
fist
79%
gets
79%
shatter
79%
this
79%
leave
78%
one
78%
relate
78%
something
78%
soul
78%
too
78%
again
77%
delicate
77%
Lost
77%
related
77%
right
77%
soon
77%
surprises
77%
two
77%
face
75%
internet
75%
like
75%
long
75%
mall
75%
of
75%
old
75%
place
75%
say
75%
times
75%
Break
74%
name
74%
forgot
73%
miss
73%
arcade
72%
birthday
72%
cake
72%
happy
72%
haul
72%
Looking
72%
ring
72%
there
72%
Anymore
71%
got
71%
into
71%
think
71%
up
71%
What's
71%
achievement
70%
at
70%
care
70%
Cause
70%
edge
70%
head
70%
lifetime
70%
pushed
70%
standing
70%
winning
70%
left
69%
podium
69%
polite
69%
day
68%
Disappointments
68%
every
68%
question
68%
big
67%
grey
67%
skies
67%
darkest
66%
flashed
66%
our
66%
paint
66%
waiting
66%
walked
66%
hallway
65%
pounds
65%
accident
64%
bluest
64%
single
64%
dreams
63%
sight
63%
spot
63%
suburban
63%
hanging
62%
paradise
62%
Will
62%
universe
61%
By
60%
away
57%
trust
57%
forgive
56%
gift
56%
gold
56%
coaxed
54%
mischief
54%
wrapped
54%
clock
53%
treeline
53%
rogue
52%
wise
52%
centrefold
50%

Score Distribution

Percentile by Number Answered

Percent of People with Each Score

Your Score History

You have not taken this quiz